00399nam a2200157Ia 4500008004100000020002300041041000800064082001500072100002400087245003000111260004000141300001400181365000800195650001400203700002400217260330s2020 xx 000 0 und d a978-0-143-47-527-9 aeng a158.1bSSK aSINGH SHUBHAM KUMAR aYOU BECOME WHAT YOU THINK aPunebPENGUIN BOOKS LTD. PUNEc2020 a190pgbPB cRs. aSelf-Help aSINGH SHUBHAM KUMAR